MARC

LEADER 00000nam0a2200000 4500
001 297400
005 20231102001014.0
035 |a (RuTPU)RU\TPU\book\322533 
090 |a 297400 
100 |a 20150608d1984 km y0rusy50 ca 
101 0 |a rus 
102 |a RU 
105 |a y z 001zy 
200 1 |a Распределение по труду. Экономический и социальный аспекты  |f В. Т. Рязанов  |g Ленинградский государственный университет (ЛГУ) 
210 |a Ленинград  |c Изд-во Ленинградского ун-та  |d 1984 
215 |a 208 с.  |c ил. 
320 |a Библиография в ссылках. 
606 1 |a Распределение по труду при социализме  |2 stltpush  |3 (RuTPU)RU\TPU\subj\36839  |9 58069 
610 1 |a производство 
610 1 |a труд 
610 1 |a социалистическое общество 
610 1 |a потребности 
610 1 |a экономическая эффективность 
610 1 |a социальная эффективность 
610 1 |a социальное регулирование 
686 |a У013.754  |v LBC/SL-A  |2 rubbk 
700 1 |a Рязанов  |b В. Т.  |g Виктор Тимофеевич 
712 0 2 |a Ленинградский государственный университет (ЛГУ)  |c (1924-1991)  |2 stltpush  |3 (RuTPU)RU\TPU\col\77 
801 1 |a RU  |b 63413507  |c 20150608 
801 2 |a RU  |b 63413507  |c 20190128  |g RCR 
942 |c BK